000 01116nam a2200313 4500
001 562535
005 20150619162857.0
007 000
008 000
010 _a 89001968
020 _a0435080342 (Heinemann)
020 _a0435080350 (Heinemann : pbk.)
040 _aUOEL
_cDLC
_dDLC
043 _af------
_acl-----
050 0 0 _aHD2117
_b.S7 1989
082 0 0 _a338.1/096
_219
245 0 0 _aStructural adjustment & agriculture :
_btheory & practice in Africa & Latin America /
_cedited by Simon Commander.
260 _aLondon :
_bOverseas Development Institute ;
_aPortsmouth, N.H. :
_bHeinemann,
_c1989.
300 _axiv, 250 p., [6] p. of plates :
_bill. ;
_c24 cm.
504 _aIncludes bibliographical references.
650 0 _aAgriculture
_xEconomic aspects
_zAfrica.
650 0 _aAgriculture
_xEconomic aspects
_zLatin America.
651 0 _aAfrica
_xEconomic conditions
_y1960-
651 0 _aLatin America
_xEconomic conditions
_y1982-
700 1 _aCommander, Simon.
740 0 _aStructural adjustment and agriculture.
906 _a7
_bcbc
_corignew
_d1
_eocip
_f19
_gy-gencatlg
942 _2lcc
_cLL
999 _c10545
_d10545